00514nam a22001817a 450000500170000001000280001702000260004503500170007103500130008803700140010108200060011510000170012124500580013826000320019627000640022830000280029250000120032020190813145952.0 a1819CHEN B-719238-258 a9780241344279c299.00 aB-719238-258 aB-728581 bBlueberry aS aKinney, Jeff aDiary of a wimpy kid: cby Jeff Kinneybthe getaway / aLondonbPuffin Books c2018 aPenguin Random House Children's 80 StrandbLondoneWC2R ORL a217p.:c20cm(pbk)bill. aAirport